书目信息 |
| 题名: |
战争风云
|
|
| 作者: | 沃克 著 ;石韧 译 | |
| 分册: | 二 | |
| 出版信息: | 北京 人民文学出版社 1975 |
|
| 页数: | 517-859页 | |
| 开本: | 19cm | |
| 丛书名: | ||
| 单 册: | ||
| 中图分类: | I712.45 , I712.4 | |
| 科图分类: | ||
| 主题词: | 长篇小说--美国--当代 , 文学 | |
| 电子资源: | ||
| ISBN: | ||
| 000 | 00704nam0 2200265 45 | |
| 001 | 0175002698 | |
| 005 | 20060517151515.95 | |
| 010 | @dCNY1.05 | |
| 100 | @a19951214d1975 em y0chiy0121 ea | |
| 101 | 1 | @achi@ceng |
| 102 | @aCN@b110000 | |
| 105 | @ay z 000ay | |
| 106 | @ar | |
| 200 | 10 | @a战争风云@Azhan zheng feng yun@h二@f(美)H.沃克著@g石韧译 |
| 210 | @a北京@c人民文学出版社@d1975 | |
| 215 | @a517-859页@d19cm | |
| 606 | @a长篇小说@y美国@z当代 | |
| 606 | 0 | @a文学 |
| 690 | @aI712.45@v3 | |
| 690 | @aI712.4 | |
| 701 | 1 | @a沃克@Awo ke@bH.@4著 |
| 702 | 0 | @a石韧@Ashi ren@4译 |
| 801 | 0 | @aCN@b广东省中山图书馆@c20060517 |
| 801 | 2 | @aCN@bNLC@c20040318 |
| 905 | @f1@b10249@dI712.4@e236:2-2 | |
| 战争风云.二/(美)H.沃克著/石韧译.-北京:人民文学出版社,1975 |
| 517-859页;19cm |
| ISBN :CNY1.05 |
| ● |
| 相关链接 |
|
|
|
|
正题名:战争风云
索取号:I712.4/236:2-2
 
预约/预借
| 序号 | 登录号 | 条形码 | 馆藏地/架位号 | 状态 | 备注 |
| 1 | 0010249 | 001903890 | 密集书库/ [索取号:I712.4/236:2-2] | 在馆 |